Baby Names: Historical Quiz Stats

 Plays Quiz Updated Nov 14, 2017

Score 0/80 Timer 10:00
2 Plays Today
Name % Correct
John
91%
John
91%
John
91%
John
91%
John
91%
John
91%
Michael
79.2%
Michael
79.2%
Michael
79.2%
Michael
79.2%
James
76.6%
James
76.6%
James
76.6%
James
76.6%
James
76.6%
Mary
74.3%
Mary
74.3%
Mary
74.3%
Mary
74.3%
Mary
74.3%
William
69.7%
William
69.7%
William
69.7%
William
69.7%
Elizabeth
67%
Matthew
66.2%
Matthew
66.2%
David
64.3%
David
64.3%
David
64.3%
Robert
63.9%
Robert
63.9%
Robert
63.9%
Christopher
63.4%
Christopher
63.4%
Sarah
62.9%
Sarah
62.9%
Chris
60.5%
George
58.3%
George
58.3%
Name % Correct
Mark
57.5%
Jennifer
57.2%
Jennifer
57.2%
Emily
55.9%
Jessica
51.3%
Emma
49.2%
Emma
49.2%
Anna
48.7%
Anna
48.7%
Richard
48.1%
Jacob
48%
Charles
44.4%
Charles
44.4%
Charles
44.4%
Susan
44%
Laura
42%
Margaret
40.2%
Margaret
40.2%
Margaret
40.2%
Joshua
38.5%
Joshua
38.5%
Lisa
37.2%
Lisa
37.2%
Ashley
36.5%
Hannah
35.9%
Maria
35.1%
Carol
34.4%
Amanda
34%
Linda
31.4%
Olivia
30.1%
Madison
29.5%
Barbara
28.3%
Patricia
28%
Helen
27.8%
Helen
27.8%
Karen
27.3%
Ruth
24.7%
Betty
22.8%
Kimberly
21.4%
Dorothy
19.2%

You're not logged in!

Compare scores with friends on all Sporcle quizzes.
OR
Log In

Sporcle TV

Today on Sporcle TV


Watch our educational content, quiz creation guides, and fun videos on Sporcle TV.

Show Comments

Extras

Top Quizzes Today


Score Distribution

Your Account Isn't Verified!

In order to create a playlist on Sporcle, you need to verify the email address you used during registration. Go to your Sporcle Settings to finish the process.

Report this User

Report this user for behavior that violates our Community Guidelines.

Details: